[Event "Pardubice op"]
[Site "Pardubice"]
[Date "1995.??.??"]
[Round "?"]
[White "Kiriakov, Petr"]
[Black "Manik, Mikulas"]
[Result "1-0"]
[WhiteElo "2495"]
[BlackElo "2380"]

1.d4 Nf6 2.c4 g6 3.Nc3 Bg7 4.e4 d6 5.Nf3 O-O 6.Be2 e5 7.O-O Nc6 8.d5 Ne7
9.Ne1 Nd7 10.Be3 f5 11.f3 f4 12.Bf2 g5 13.a4 Ng6 14.a5 h5 15.Nb5 Nf6 16.Nxa7 Bd7
17.c5 Rxa7 18.c6 bxc6 19.Bxa7 c5 20.Nd3 Qa8 21.Bxc5 dxc5 22.Nxc5 Qa7 23.Qc2 g4
24.Kh1 gxf3 25.gxf3 Bh3 26.Rg1 Kh7 27.Bf1 Bxf1 28.Raxf1 Bh6 29.Ne6 Rf7 30.Qg2 Nf8
31.Nxf8+  1-0

[Event "Paris op"]
[Site "Paris"]
[Date "1995.??.??"]
[Round "?"]
[White "Nikcevic, Nebojsa"]
[Black "Kalantarian, Norik"]
[Result "0-1"]
[WhiteElo "2435"]
[BlackElo "2460"]

1.Nf3 Nf6 2.c4 g6 3.Nc3 Bg7 4.e4 d6 5.d4 O-O 6.Be2 e5 7.O-O Nc6 8.d5 Ne7
9.Bg5 h6 10.Bxf6 Bxf6 11.b4 Bg7 12.c5 f5 13.Nd2 Kh7 14.Rc1 Ng8 15.cxd6 cxd6
16.Nb5 Nf6 17.Nc7 Rb8 18.Bd3 Qe7 19.Qb3 Nh5 20.g3 f4 21.Ne6 Bxe6 22.dxe6 fxg3
23.fxg3 Qg5 24.Nc4 Nxg3 25.hxg3 Qxg3+ 26.Kh1 Rf3 27.Rxf3 Qxf3+ 28.Kg1 Qg3+
29.Kh1 Qh4+ 30.Kg2 Qg5+ 31.Kh2 Qxc1 32.Nxd6 Rd8 33.Qd5 Qf4+ 34.Kh3 Qf8  0-1

[Event "Paris op"]
[Site "Paris"]
[Date "1995.??.??"]
[Round "?"]
[White "Daillet, Emmanuel"]
[Black "Guyard, Bertrand"]
[Result "0-1"]
[WhiteElo "2290"]
[BlackElo "2205"]

1.d4 Nf6 2.Nf3 g6 3.c4 Bg7 4.Nc3 d6 5.e4 O-O 6.Be2 e5 7.O-O Nc6 8.d5 Ne7
9.b4 Nh5 10.g3 a5 11.Ba3 f5 12.Nd2 axb4 13.Bxb4 c5 14.dxc6 Nxc6 15.Nd5 Nxb4
16.Nxb4 Nf6 17.Nd5 Nxd5 18.cxd5 f4 19.Bg4 fxg3 20.hxg3 Qg5 21.Bxc8 Rfxc8
22.Nf3 Qg4 23.Qd3 Ra4 24.Rac1 Rf8 25.Kg2 Rxe4 26.Nh2 Qf5 27.Nf3 Rf4  0-1

[Event "Paris op"]
[Site "Paris"]
[Date "1995.??.??"]
[Round "?"]
[White "Bouton, Christophe"]
[Black "Jacques, Robert"]
[Result "0-1"]
[WhiteElo "2260"]
[BlackElo "2165"]

1.Nf3 Nf6 2.c4 g6 3.Nc3 Bg7 4.e4 O-O 5.d4 d6 6.Be2 e5 7.O-O Nc6 8.d5 Ne7
9.Ne1 Ne8 10.Be3 f5 11.f3 f4 12.Bf2 h5 13.a4 g5 14.a5 Ng6 15.c5 Rf7 16.cxd6 cxd6
17.Nb5 a6 18.Na7 Bd7 19.Bb6 Qb8 20.Nc6 bxc6 21.dxc6 Be6 22.Nd3 Bc4 23.Rc1 Bb5
24.Nb4 Bxe2 25.Qxe2 Qc8 26.Rfd1 Bf8 27.c7 g4 28.Kh1 Ne7 29.Qc4 Qb7 30.Rc3 Kg7
31.Rdc1 Nf6 32.Bf2 Qc8 33.Nc6 d5 34.Nxe7 dxc4 35.Nxc8 Rxc8 36.Rxc4 Bd6 37.Bb6 Ne8
38.Rd1 Kf6 39.Rc6 Ke6 40.b4 Rd7 41.Kg1 Ke7 42.Rd5 Nf6 43.Rdxd6 Rxd6 44.Bc5 Ne8
45.Rxa6 Rxc7 46.Bxd6+ Nxd6 47.Rb6 g3 48.hxg3 fxg3 49.Kf1 Rc1+ 50.Ke2 Rc2+
51.Kd3 Rxg2 52.a6 Ra2 53.Rb7+ Kf6 54.Rd7 Rxa6 55.Ke3 Nc4+ 56.Ke2 Ra2+ 57.Kf1 Ne3+  0-1

[Event "Passau op"]
[Site "Passau"]
[Date "1995.??.??"]
[Round "?"]
[White "Lentrodt, Thomas"]
[Black "Stocek, Jiri"]
[Result "1-0"]
[WhiteElo "2260"]
[BlackElo "2480"]

1.d4 Nf6 2.c4 g6 3.Nc3 Bg7 4.e4 d6 5.Nf3 O-O 6.Be2 e5 7.O-O Nc6 8.d5 Ne7
9.Ne1 Ne8 10.Nd3 f5 11.f3 f4 12.g4 Bf6 13.Bd2 Kg7 14.Be1 Ng8 15.Bf2 Bh4 16.Qe1 Bxf2+
17.Qxf2 h5 18.h3 Nh6 19.Kg2 Rh8 20.Rh1 Nf7 21.Rag1 Nf6 22.Kf1 g5 23.Ke1 Bd7
24.Kd2 c5 25.dxc6 bxc6 26.Kc2 c5 27.Nd5 Nxd5 28.exd5 Qf6 29.Qe1 hxg4 30.hxg4 e4
31.Nf2 exf3 32.Bxf3 Ne5 33.Qc3 Nxf3 34.Qxf3 Be8 35.Qc3 Bg6+ 36.Kd2 Rab8 37.Qxf6+ Kxf6
38.Rxh8 Rxh8 39.Re1 Rh2 40.Re6+ Kg7 41.Ke1 Bb1 42.Rxd6 Bxa2 43.Rc6 f3 44.Rxc5 Kf6
45.d6 Ke6 46.Rd5 Rh8 47.Rd4 Ke5 48.Rd5+ Ke6 49.d7 Rd8 50.Ne4 Bxc4 51.Rd4 Bd5
52.Nc5+ Ke5 53.Rd3 a5 54.Kf2 Rb8 55.Nb7 Bxb7 56.d8=Q  1-0

[Event "Passau op"]
[Site "Passau"]
[Date "1995.??.??"]
[Round "?"]
[White "Stocek, Jiri"]
[Black "Bauer, Karl Heinz"]
[Result "1-0"]
[WhiteElo "2480"]
[BlackElo "2225"]

1.d4 Nf6 2.c4 g6 3.Nc3 Bg7 4.e4 d6 5.Be2 O-O 6.Nf3 e5 7.O-O Nc6 8.d5 Ne7
9.Ne1 Nd7 10.Be3 f5 11.f3 f4 12.Bf2 g5 13.a4 Ng6 14.a5 Rf7 15.c5 Nxc5 16.Bxc5 dxc5
17.Bc4 Kh8 18.a6 bxa6 19.Bxa6 h5 20.Bxc8 Qxc8 21.Ra5 c4 22.Qa4 Qb7 23.Rb5 Qc8
24.Qxc4 a6 25.Rc5 Bf8 26.d6 Bxd6 27.Qxf7 Bxc5+ 28.Kh1 Qg8 29.Qf6+ Kh7 30.Nd5 Rf8
31.Qxg5 c6 32.Nd3 cxd5 33.Nxc5 d4 34.Nd7 Kg7 35.Nxf8 Qxf8 36.Rc1 Qd6 37.Qf5 Ne7
38.Qxh5 d3 39.Qh4 Nc6 40.Rd1 Qd4 41.Qe1 Nb4 42.Qc3 Qd6 43.g3 fxg3 44.hxg3 Kg8
45.Kg2 Nc2 46.Rh1 Ne3+ 47.Kf2 Qb6 48.Qc8+ Kf7 49.Rh7+  1-0

[Event "PER-ch43"]
[Site "PER"]
[Date "1995.??.??"]
[Round "11"]
[White "Miguel, Fernando"]
[Black "Munoz Pantoja, Miguel"]
[Result "0-1"]
[WhiteElo "2305"]
[BlackElo "2260"]

1.d4 Nf6 2.c4 g6 3.Nc3 Bg7 4.e4 d6 5.Be2 O-O 6.Nf3 e5 7.O-O Nc6 8.d5 Ne7
9.Ne1 Nd7 10.Nd3 f5 11.Bd2 Nf6 12.f3 f4 13.c5 g5 14.cxd6 cxd6 15.Nf2 h5 16.h3 Rf7
17.Qc2 Ng6 18.Rfc1 a6 19.a4 Rc7 20.a5 Bd7 21.b4 Rac8 22.Qb3 Qe8 23.b5 Nh4
24.bxa6 bxa6 25.Na2 Bf8 26.Rxc7 Rxc7 27.Rc1 Rxc1+ 28.Bxc1 Qc8 29.Qc4 Qe8
30.Qxa6 Qg6 31.Qd3 g4 32.hxg4 hxg4 33.Nc3 g3 34.Ng4 Nxg4 35.fxg4 Qh7 36.Bf3 Nxf3+
37.Qxf3 Qh2+ 38.Kf1 Qh1+ 39.Ke2 Qxc1 40.g5 Bc8  0-1

[Event "World op"]
[Site "Philadelphia"]
[Date "1995.??.??"]
[Round "2"]
[White "Shapiro, Daniel E"]
[Black "Arakhamia, Ketevan"]
[Result "0-1"]
[WhiteElo "2270"]
[BlackElo "2420"]

1.d4 Nf6 2.c4 g6 3.Nc3 Bg7 4.e4 d6 5.Nf3 O-O 6.Be2 e5 7.O-O Nc6 8.d5 Ne7
9.b4 Nh5 10.g3 f5 11.Ng5 Nf6 12.f3 c6 13.Kg2 Ne8 14.Qb3 h6 15.Ne6 Bxe6 16.dxe6 fxe4
17.fxe4 Rxf1 18.Kxf1 Nc7 19.Bg4 Qf8+ 20.Kg1 Qf6 21.Be3 Rf8 22.Bh3 Qf3 23.Bxa7 Nc8
24.Rf1 Qh5 25.Rxf8+ Bxf8 26.Bb8 Qxh3 27.Bxc7 Qxe6 28.b5 Qf7 29.bxc6 bxc6
30.Bb8 d5 31.Na4 dxc4 32.Qc3 Nb6  0-1

[Event "Plzen opJ"]
[Site "Plzen"]
[Date "1995.??.??"]
[Round "3"]
[White "Tupy, Martin"]
[Black "Forster, Richard"]
[Result "1-0"]
[WhiteElo "2195"]
[BlackElo "2370"]

1.d4 Nf6 2.c4 g6 3.Nc3 Bg7 4.e4 d6 5.Nf3 O-O 6.Be2 e5 7.O-O Nc6 8.d5 Ne7
9.Ne1 Nd7 10.Be3 f5 11.f3 f4 12.Bf2 g5 13.a4 Ng6 14.a5 h5 15.Nb5 Nf6 16.Nxa7 Bd7
17.c5 g4 18.a6 g3 19.axb7 gxf2+ 20.Rxf2 Rxa7 21.Rxa7 c6 22.Qb3  1-0

[Event "Polanica Zdroj op"]
[Site "Polanica Zdroj"]
[Date "1995.??.??"]
[Round "9"]
[White "Krzywicki, Dariusz"]
[Black "Borkowski, Franciszek"]
[Result "1-0"]
[WhiteElo "2320"]
[BlackElo "2425"]

1.Nf3 g6 2.c4 Bg7 3.d4 d6 4.Nc3 Nf6 5.e4 O-O 6.Be2 e5 7.O-O Nc6 8.d5 Ne7
9.Nd2 Nd7 10.b4 f5 11.c5 Nf6 12.f3 f4 13.a4 g5 14.Ba3 Ng6 15.b5 Rf7 16.Nc4 Bf8
17.b6 cxb6 18.cxd6 h5 19.Nb5 Ne8 20.Rc1 Qf6 21.Rc2 Bd7 22.Qa1 g4 23.Bb2 Bg7
24.Nc7 Rc8 25.Ne6 Nxd6 26.Rfc1 Nxc4 27.Bxc4 Kh7  1-0

[Event "Portoroz op"]
[Site "Portoroz"]
[Date "1995.??.??"]
[Round "?"]
[White "Dallaglio, Giovanni"]
[Black "Sestic, M."]
[Result "0-1"]
[WhiteElo "1900"]
[BlackElo "2000"]

1.d4 Nf6 2.c4 g6 3.Nc3 Bg7 4.e4 d6 5.Nf3 O-O 6.Be2 e5 7.O-O Nc6 8.d5 Ne7
9.Ne1 Nd7 10.Be3 Kh8 11.a4 Ng8 12.a5 a6 13.f3 f5 14.Nd3 f4 15.Bf2 Ndf6 16.c5 g5
17.cxd6 cxd6 18.Na4 h5 19.Nb6 Rb8 20.Rc1 Bd7 21.Rc3 Bb5 22.b4 Ne7 23.Nb2 Bxe2
24.Qxe2 Ng6 25.Rfc1 Qe8 26.N2c4 Rd8 27.Na3 g4 28.Kh1 Bh6 29.b5 h4 30.bxa6 bxa6
31.R1c2 h3 32.gxh3 gxh3 33.Qxa6 Ne7 34.Bh4 Nh5 35.Qf1 Rg8 36.Qxh3 Bg5 37.Rg2 Bxh4
38.Rxg8+ Qxg8 39.Qxh4 Qh7 40.Qh3 Rg8  0-1

[Event "Portoroz op"]
[Site "Portoroz"]
[Date "1995.??.??"]
[Round "?"]
[White "Cebalo, Miso"]
[Black "Veber, Bojan"]
[Result "1/2-1/2"]
[WhiteElo "2570"]
[BlackElo "2155"]

1.d4 Nf6 2.Nf3 g6 3.c4 Bg7 4.Nc3 O-O 5.e4 d6 6.Be2 e5 7.O-O Nc6 8.Be3 Ng4
9.Bg5 f6 10.Bc1 exd4 11.Nxd4 Nxd4 12.Qxd4 f5 13.Qd5+ Kh8 14.Bxg4 fxg4 15.Be3 Qf6
16.Rfd1 Be6 17.Qd3 a6 18.Rac1 Rf7 19.b3 Raf8 20.Rc2 h6 21.Nd5 Bxd5 22.cxd5 Re8
23.Rdc1 Ree7 24.a4 Kh7 25.a5 h5 26.Rc4 Bh6 27.Qc3 Qxc3 28.R1xc3 Bxe3 29.fxe3 h4
30.Rb4 Kh6 31.Rc1 g3 32.hxg3 hxg3 33.Rbc4 Kg5 34.Rf1 Rxf1+ 35.Kxf1 Rf7+ 36.Kg1 Rf2
37.Rxc7 Re2 38.Kf1 Rf2+ 39.Kg1  1/2-1/2

[Event "CZE Tschechien-ch"]
[Site "Prague"]
[Date "1995.??.??"]
[Round "?"]
[White "Koper, Stefan"]
[Black "Filip, Miroslav"]
[Result "1-0"]
[WhiteElo "2015"]
[BlackElo "2465"]

1.d4 Nf6 2.c4 g6 3.Nc3 Bg7 4.e4 d6 5.Be2 O-O 6.Nf3 e5 7.O-O Nc6 8.d5 Ne7
9.Ne1 c5 10.f4 exf4 11.Bxf4 Ne8 12.Nf3 Bg4 13.Ng5 Bc8 14.Qd2 Be5 15.Bxe5 dxe5
16.a3 Nd6 17.Rab1 Bd7 18.h4 f5 19.Qe3 Nxe4 20.Ncxe4 fxe4 21.Qxe4 Rxf1+ 22.Rxf1 Nf5
23.Qxe5 Qe8 24.Ne6 Bxe6 25.dxe6 Qe7 26.Bf3 Qxh4 27.Bd5 Qd4+ 28.Qxd4 cxd4
29.g4 Ne3 30.e7+  1-0

[Event "CZE Tschechien-ch"]
[Site "Prague"]
[Date "1995.??.??"]
[Round "?"]
[White "Hybl, Jaroslav"]
[Black "Taborsky, Rostislav"]
[Result "0-1"]
[WhiteElo "2275"]
[BlackElo "2105"]

1.d4 Nf6 2.c4 g6 3.Nc3 Bg7 4.e4 O-O 5.Nf3 d6 6.Be2 e5 7.O-O Nc6 8.d5 Ne7
9.Nd2 Nd7 10.b4 a5 11.bxa5 Rxa5 12.Nb3 Ra8 13.Be3 f5 14.f3 Nf6 15.c5 f4 16.Bf2 g5
17.a4 h5 18.a5 Ng6 19.cxd6 cxd6 20.Na4 g4 21.Kh1 g3 22.hxg3 fxg3 23.Bxg3 h4
24.Bh2 Nh5 25.Nb6 Ng3+ 26.Kg1 Rxa5 27.Nxa5 Qxb6+ 28.Rf2 Nxe4 29.fxe4 Qxf2+
30.Kh1 Nf4 31.Bf3 h3 32.Qg1 hxg2+ 33.Bxg2 Qh4 34.Rf1 Nxg2  0-1

[Event "CZE Tschechien-ch"]
[Site "Prague"]
[Date "1995.??.??"]
[Round "?"]
[White "Koper, Stefan"]
[Black "Kolar, Jelena"]
[Result "1-0"]
[WhiteElo "2015"]
[BlackElo "2085"]

1.d4 Nf6 2.c4 g6 3.Nc3 Bg7 4.e4 d6 5.Be2 O-O 6.Nf3 e5 7.O-O Nc6 8.d5 Ne7
9.Ne1 Ne8 10.f4 f5 11.fxe5 dxe5 12.Bg5 h6 13.Bh4 Bf6 14.Bxf6 Nxf6 15.Nd3 fxe4
16.Nc5 Nf5 17.Qd2 Kh7 18.N5xe4 a6 19.Nxf6+ Rxf6 20.Ne4 Rf8 21.g4 Nd4 22.Rxf8 Qxf8
23.Rf1 Qe7 24.c5 Kg7 25.d6 cxd6 26.cxd6 Nxe2+ 27.Qxe2 Qe6 28.h3 Qxa2 29.Qf3 Be6
30.Qf6+ Kh7 31.Qe7+ Kh8 32.Rf8+ Rxf8 33.Qxf8+ Bg8 34.Qxh6+ Bh7 35.Qf8+ Bg8
36.Qf6+ Kh7 37.Qh4+ Kg7 38.Qe7+ Bf7 39.Qxe5+ Kh6 40.Qh8+  1-0

[Event "CZE Tschechien-ch"]
[Site "Prague"]
[Date "1995.??.??"]
[Round "?"]
[White "Pilar, Miloslav"]
[Black "Taborsky, Rostislav"]
[Result "0-1"]
[WhiteElo "2330"]
[BlackElo "2105"]

1.d4 Nf6 2.c4 g6 3.Nc3 Bg7 4.e4 O-O 5.Nf3 d6 6.Be2 e5 7.O-O Nc6 8.d5 Ne7
9.Ne1 Nd7 10.Be3 f5 11.f3 f4 12.Bf2 Nf6 13.c5 g5 14.Rc1 Rf7 15.cxd6 cxd6
16.Nb5 Ng6 17.Nxa7 Bd7 18.Qb3 g4 19.Bb6 Qe7 20.Bb5 gxf3 21.gxf3 Bh3 22.Rf2 Nh5
23.Bf1 Qg5+ 24.Bg2 Nh4 25.Kf1 Nxg2 26.Nxg2 Ng3+ 27.hxg3 fxg3 28.f4 Rxf4 29.Rc4 Bxg2+
30.Ke1 gxf2+ 31.Bxf2 Rxf2 32.Kxf2 Rf8+ 33.Ke2 Qg4+ 34.Kd2 Bh6+ 35.Kc2 Qe2+  0-1

[Event "Women-Veterans"]
[Site "Prague"]
[Date "1995.??.??"]
[Round "4"]
[White "Ioseliani, Nana"]
[Black "Hort, Vlastimil"]
[Result "1-0"]
[WhiteElo "2475"]
[BlackElo "2560"]

1.d4 Nf6 2.Nf3 g6 3.c4 Bg7 4.Nc3 O-O 5.e4 d6 6.Be2 e5 7.O-O Nc6 8.d5 Ne7
9.Nd2 a5 10.Rb1 Bd7 11.a3 a4 12.b4 axb3 13.Nxb3 b6 14.Ra1 Qe8 15.Qd3 Nh5
16.Bxh5 gxh5 17.Nb5 Qc8 18.a4 f5 19.f3 Ng6 20.Ra2 Kh8 21.Bd2 Rg8 22.Kh1 Bf6
23.a5 h4 24.exf5 Bxf5 25.Qe2 bxa5 26.Rxa5 Rxa5 27.Nxa5 Nf4 28.Bxf4 exf4 29.Rg1 Re8
30.Qd2 Re3 31.Nc6 h3 32.Ncd4 hxg2+ 33.Qxg2 Bg6 34.Ne6 Bh5 35.Rf1 Be5 36.Qh3 Bg6
37.Rg1 Be4 38.Ng5  1-0

[Event "Women-Veterans"]
[Site "Prague"]
[Date "1995.??.??"]
[Round "9"]
[White "Kortschnoj, Viktor"]
[Black "Xie Jun"]
[Result "1-0"]
[WhiteElo "2635"]
[BlackElo "2540"]

1.d4 Nf6 2.c4 g6 3.Nc3 Bg7 4.e4 d6 5.Be2 O-O 6.Nf3 e5 7.O-O Nc6 8.d5 Ne7
9.Ne1 Nd7 10.Be3 f5 11.f3 f4 12.Bf2 g5 13.a4 h5 14.a5 Ng6 15.Nb5 Nf6 16.Nxa7 Bd7
17.c5 g4 18.c6 g3 19.hxg3 fxg3 20.Bxg3 Rxa7 21.cxd7 h4 22.Bf2 Ra8 23.Nc2 Bh6
24.Ne3 Bf4 25.Nf5 Nh5 26.Bb5 Ng3 27.Qc2 Qg5 28.Rfd1 Rf7 29.a6 h3 30.Bxg3 Bxg3
31.axb7 Raf8 32.gxh3 Nf4 33.Bf1 Rh7 34.Ra8 Rxh3 35.Rxf8+ Kh7 36.Rf7+  1-0

[Event "CZE Moravia-ch"]
[Site "Prerov"]
[Date "1995.??.??"]
[Round "9"]
[White "Koutsin, Sergey"]
[Black "Babula, Milan"]
[Result "1-0"]
[WhiteElo "2455"]
[BlackElo "2295"]

1.d4 Nf6 2.c4 g6 3.Nc3 Bg7 4.e4 d6 5.Nf3 O-O 6.Be2 e5 7.O-O Nc6 8.d5 Ne7
9.Ne1 Nd7 10.Be3 f5 11.f3 f4 12.Bf2 g5 13.a4 a5 14.Nd3 b6 15.b4 axb4 16.Nb5 h5
17.Be1 g4 18.Bxb4 Nf6 19.a5 bxa5 20.Rxa5 Rb8 21.Ra7 g3 22.h3 Ne8 23.Ba5 Rxb5
24.cxb5 Ng6 25.Ra8 Nh4 26.Qc2 Nxg2 27.Rxc8 Qxc8 28.Kxg2 Rf7 29.b6 Qb8 30.bxc7 Nxc7
31.Rb1 Qa7 32.Bb6 Qb7 33.Qc6 Na6 34.Qxd6  1-0

[Event "Ptuj"]
[Site "Ptuj"]
[Date "1995.??.??"]
[Round "5"]
[White "Polajzer, Danilo"]
[Black "Zheliandinov, Viktor"]
[Result "1-0"]
[WhiteElo "2430"]
[BlackElo "2350"]

1.Nf3 Nf6 2.c4 g6 3.Nc3 Bg7 4.d4 O-O 5.e4 d6 6.Be2 e5 7.O-O Nc6 8.Be3 Re8
9.dxe5 dxe5 10.h3 Be6 11.c5 a6 12.Qa4 Qe7 13.Rfd1 Rad8 14.Bc4 Nd4 15.Nxd4 exd4
16.Rxd4 Rxd4 17.Bxd4 Nxe4 18.Bxe6 Bxd4 19.Bxf7+ Qxf7 20.Qxd4 Nxc3 21.bxc3 c6
22.a4 Qg7 23.Kf1 Qxd4 24.cxd4 Rd8 25.Rd1 Kf7 26.Ke2 Ke6 27.Kd3 Rf8 28.f3 Kd7
29.Re1 Rf7 30.Re5 Rf6 31.Ke4 Rf7 32.g4 Rf8 33.h4 Rb8 34.a5 Rf8 35.g5 Rf7
36.f4 Rf8 37.f5  1-0

[Event "CRO-Cup"]
[Site "Pula"]
[Date "1995.??.??"]
[Round "2"]
[White "Havas, Ladislav"]
[Black "Dimitrijevic, Srdjan"]
[Result "1-0"]
[WhiteElo "2270"]
[BlackElo "2305"]

1.d4 Nf6 2.c4 g6 3.Nc3 Bg7 4.e4 d6 5.Nf3 O-O 6.Be2 e5 7.O-O Nc6 8.d5 Ne7
9.Nd2 a5 10.a3 Nd7 11.Rb1 f5 12.b4 Kh8 13.Qc2 Ng8 14.f3 f4 15.Nb5 axb4 16.axb4 b6
17.Bb2 Rf7 18.Ra1 Ba6 19.Nc3 Bf8 20.Ra2 Bb7 21.Rxa8 Qxa8 22.Ra1 Qc8 23.Nb5 g5
24.Nb3 h5 25.h3 Nh6 26.Ba3 Rg7 27.c5 dxc5 28.bxc5 Ba6 29.cxb6 Nxb6 30.Bxf8  1-0

[Event "Recklinghausen"]
[Site "Recklinghausen"]
[Date "1995.??.??"]
[Round "3"]
[White "Schmidt, Wlodzimierz"]
[Black "Galonska, Joern"]
[Result "1-0"]
[WhiteElo "2450"]
[BlackElo "2185"]

1.Nf3 Nf6 2.c4 g6 3.Nc3 Bg7 4.e4 d6 5.d4 O-O 6.Be2 e5 7.O-O Nc6 8.d5 Ne7
9.Ne1 Ne8 10.Be3 f5 11.f3 f4 12.Bf2 h5 13.c5 g5 14.a4 Ng6 15.a5 Nf6 16.cxd6 cxd6
17.Nb5 g4 18.Bxa7 g3 19.Bb6 Qe7 20.Kh1 Kh8 21.Nc7 Rb8 22.Rc1 Rg8 23.Ne6 Nf8
24.Rc7 Bd7 25.Bb5 Bh6 26.Qc2 Ng4 27.fxg4 hxg4 28.Nxf8 Rbxf8 29.Bxd7 Qh4 30.h3 f3
31.Bxg4 Rxg4 32.Nxf3 Rgf4 33.Rc8 Qf6 34.Rxf8+ Qxf8 35.Be3 Rf6 36.Bxh6 Qxh6
37.Qc8+ Rf8 38.Qg4 Rf4 39.Qxg3 Rxe4 40.Ng5 Rf4 41.Qxf4  1-0

[Event "Recklinghausen"]
[Site "Recklinghausen"]
[Date "1995.??.??"]
[Round "4"]
[White "Hoefker, Mathias"]
[Black "Schmidt, Wlodzimierz"]
[Result "0-1"]
[WhiteElo "2305"]
[BlackElo "2450"]

1.d4 Nf6 2.c4 g6 3.Nc3 Bg7 4.e4 d6 5.Nf3 O-O 6.Be2 e5 7.O-O Nc6 8.d5 Ne7
9.Ne1 Nd7 10.Be3 f5 11.f3 f4 12.Bf2 g5 13.a4 Ng6 14.Nb5 Nf6 15.Nxa7 g4 16.Nxc8 g3
17.hxg3 Nh5 18.gxf4 exf4 19.c5 Rxc8 20.c6 b6 21.Ra2 Ng3 22.Bxg3 fxg3 23.f4 Qh4
24.Nf3 Qh6 25.Re1 Rxf4 26.Qd2 Rcf8 27.Raa1 Bd4+ 28.Qxd4 Rxf3 29.Bxf3 Rxf3
30.gxf3 Qh2+ 31.Kf1 Nf4  0-1

[Event "Rishon Le Ziyyon YM"]
[Site "Rishon Le Ziyyon"]
[Date "1995.??.??"]
[Round "8"]
[White "Mikhalevski, Victor"]
[Black "Har Zvi, Ronen"]
[Result "0-1"]
[WhiteElo "2525"]
[BlackElo "2500"]

1.d4 Nf6 2.c4 g6 3.Nc3 Bg7 4.e4 d6 5.Nf3 O-O 6.Be2 e5 7.O-O Nc6 8.Be3 Re8
9.dxe5 dxe5 10.h3 Be6 11.c5 Nh5 12.Bb5 Rf8 13.Bxc6 bxc6 14.Qa4 Qe8 15.Qa6 f5
16.Qb7 f4 17.Bc1 h6 18.Qxc7 Rf7 19.Qa5 g5 20.Rd1 g4 21.hxg4 Bxg4 22.Rd3 Bxf3
23.Rxf3 Bf8 24.Bd2 Rg7 25.Be1 Qg6 26.g3 Qg4 27.Kg2 Rb8 28.b4 Rbb7 29.Qa3 Rbf7
30.Ne2 Nf6 31.Qd3 Nh7 32.Ng1 Ng5 33.Rd1 h5 34.Qe2 h4 35.Rdd3 Rh7 36.Bc3 hxg3
37.fxg3 Nxf3 38.Rxf3 Qh5 39.gxf4 Rfg7+ 40.Kf1 Rxg1+ 41.Kxg1 Qh1+ 42.Kf2 Rh2+
43.Ke3 Rxe2+ 44.Kxe2 exf4  0-1

[Event "ROM-chT"]
[Site "ROM"]
[Date "1995.??.??"]
[Round "?"]
[White "Grigore, George"]
[Black "Nevednichy, Vladislav"]
[Result "0-1"]
[WhiteElo "2445"]
[BlackElo "2485"]

1.d4 d6 2.Nf3 g6 3.c4 Bg7 4.Nc3 Nf6 5.e4 O-O 6.Be2 e5 7.O-O Nc6 8.d5 Ne7
9.Nd2 a5 10.a3 Bd7 11.b3 c6 12.Rb1 b5 13.dxc6 b4 14.c7 Qxc7 15.Nd5 Nexd5
16.cxd5 a4 17.axb4 Rfb8 18.Ra1 Qc3 19.Ba3 axb3 20.Rc1 Qd4 21.Rc4 Qa7 22.Nb1 Bb5
23.Rc1 Ba4 24.Qd3 Qd4 25.Qxd4 exd4 26.f3 Bh6 27.Rc6 Be3+ 28.Kh1 Ne8 29.Ra6 Nc7
30.Rxa8 Rxa8 31.Bd3 Nb5 32.Bb2 Rc8 33.Re1 Rc2 34.Re2 Nc3 35.Nxc3 dxc3 36.Bxc2 bxc2
37.Rxc2 Bxc2 38.Bxc3 f5 39.e5 dxe5 40.Bxe5 Kf7 41.b5 Ba4  0-1

[Event "Rostov on Don (Women)"]
[Site "Rostov"]
[Date "1995.??.??"]
[Round "9"]
[White "Alexandria, Nana"]
[Black "Velikhanli, Firuza"]
[Result "1/2-1/2"]
[WhiteElo "2350"]
[BlackElo "2340"]

1.d4 Nf6 2.c4 g6 3.Nc3 Bg7 4.e4 d6 5.Nf3 O-O 6.Be2 e5 7.O-O Nc6 8.Be3 Ng4
9.Bg5 f6 10.Bh4 Kh8 11.dxe5 Ngxe5 12.Qd2 Be6 13.b3 Qe8 14.Nb5 Nxf3+ 15.Bxf3 Qf7
16.Rad1 a6 17.Nc3 Rae8 18.Bg3 Ne5 19.Be2 f5 20.exf5 Bxf5 21.Na4 b6 22.f3 Qf6
23.Rfe1 Bd7 24.c5 Bxa4 25.cxd6 Bc6 26.dxc7 Bb7 27.Bf1 h5 28.f4 Ng4 29.Rxe8 Rxe8
30.Qd8 Rf8 31.Be2 Qc6 32.Bf3 Qc5+ 33.Kh1 Bxf3 34.gxf3 Ne3 35.Re1 Qd5 36.Qxd5 Nxd5
37.f5 gxf5 38.Rd1 Nxc7 39.Bxc7 Rc8 40.Bd8 Rc3 41.Bxb6 Rxf3 42.Rd5 h4 43.Kg2 Rc3
44.Rxf5 h3+ 45.Kf2 Rc2+ 46.Kg3 Rxa2 47.Kxh3 Rb2 48.Rf3 Be5 49.Bf2 Rc2 50.Kg4 Kg7
51.h4 Rc6 52.h5 Rd6 53.Be3 Bf6 54.Rg3 Rd5 55.Kf3+ Kf7 56.Kg4 Rb5 57.Bf4 Rb4
58.Rf3 Kg7 59.Kg3 Rb5 60.h6+ Kg6 61.Rd3 Bg5 62.Bxg5 Rxg5+ 63.Kf4 Rb5 64.Rh3 Kh7
65.Ke4 a5 66.Kd4 a4  1/2-1/2

[Event "Sala op"]
[Site "Sala"]
[Date "1995.??.??"]
[Round "4"]
[White "Zambor, Norbert"]
[Black "Kovacocy, Pavol"]
[Result "0-1"]
[WhiteElo "2085"]
[BlackElo "2270"]

1.e4 d6 2.c4 Nf6 3.Nc3 g6 4.d4 Bg7 5.Be2 O-O 6.Nf3 e5 7.O-O Nc6 8.d5 Ne7
9.Ne1 Nd7 10.Nd3 f5 11.Bd2 Nf6 12.f3 f4 13.g4 g5 14.Kg2 Ng6 15.Be1 Ne8 16.h3 Rf7
17.a4 a5 18.b4 axb4 19.Nxb4 Bf8 20.Bf2 h5 21.a5 Rh7 22.Nd3 Qf6 23.Rh1 Qh8
24.Qb3 b6 25.a6 Bxa6 26.Nb4 Bxc4 27.Qxc4 Rxa1 28.Rxa1 hxg4 29.Rh1 Rxh3 30.Rg1 Rxf3
31.Kf1 Qh3+ 32.Ke1 Rxc3 33.Bxg4 Rxc4 34.Bxh3 Rxe4+ 35.Kd2 Rxb4 36.Rxg5 Kf7
37.Be6+ Kf6 38.Rf5+ Kg7 39.Rf7+ Kh6  0-1

[Event "Sala op"]
[Site "Sala"]
[Date "1995.??.??"]
[Round "5"]
[White "Dambrauskas, Virginijus"]
[Black "Hagarova, Zuzana"]
[Result "1-0"]
[WhiteElo "2340"]
[BlackElo "2230"]

1.Nf3 Nf6 2.c4 g6 3.Nc3 Bg7 4.e4 d6 5.Be2 O-O 6.O-O e5 7.d4 Nc6 8.d5 Ne7
9.Nd2 Nd7 10.b4 a5 11.bxa5 Rxa5 12.Nb3 Ra8 13.a4 f5 14.f3 f4 15.Ba3 Nf6 16.c5 b6
17.cxd6 cxd6 18.Nb5 Ne8 19.Nd2 Kh8 20.Qb3 g5 21.Nc4 Rf6 22.Nc3 Rb8 23.a5 Ba6
24.Nxb6 Bxe2 25.Nxe2 Nc8 26.Rab1 Rf7 27.Nc3 h5 28.Nca4 g4 29.Rfc1 Nxb6 30.Nxb6 Bf8
31.Rc6 Rg7 32.Rbc1 Qh4 33.Bb4 Nf6 34.Be1 Qg5 35.Rc7 gxf3 36.Rxg7 f2+ 37.Bxf2 Bxg7
38.Qf3 Nxe4 39.h4 Qg6 40.Qd3 Kh7 41.Rc4 Nxf2 42.Qxg6+ Kxg6 43.Kxf2 Bf6 44.Rc6 Bxh4+
45.Kf1 e4 46.a6 f3 47.a7 e3 48.gxf3 Re8 49.Ke2  1-0

[Event "Sala op"]
[Site "Sala"]
[Date "1995.??.??"]
[Round "7"]
[White "Hanko, Pavel"]
[Black "Salai, Ladislav"]
[Result "0-1"]
[WhiteElo "2225"]
[BlackElo "2425"]

1.d4 Nf6 2.Nf3 g6 3.c4 Bg7 4.Nc3 O-O 5.e4 d6 6.Be2 e5 7.O-O Nc6 8.d5 Ne7
9.Nd2 a5 10.a3 Bd7 11.b3 Nc8 12.Bb2 Nb6 13.b4 axb4 14.axb4 Rxa1 15.Qxa1 Bh6
16.Nb3 Qa8 17.Na5 Bd2 18.c5 Bxc3 19.Bxc3 Na4 20.c6 Nxc3 21.Qxc3 bxc6 22.dxc6 Be6
23.f3 Qa7+ 24.Kh1 Qb6 25.Bc4 Bxc4 26.Qxc4 h5 27.h4 Kg7 28.Nb7 Ng8 29.f4 exf4
30.Rxf4 Qe3 31.Qf1 Nh6 32.b5 Ng4 33.Rf3 Qxe4 34.Na5 Qe7 35.g3 Qe4 36.Kg1 Qd4+
37.Kh1 Qd5 38.Kg1 Ra8 39.Nb7 Ra2 40.Qd3  0-1

[Event "Sala op"]
[Site "Sala"]
[Date "1995.??.??"]
[Round "9"]
[White "Hanko, Pavel"]
[Black "Zambor, Norbert"]
[Result "1-0"]
[WhiteElo "2225"]
[BlackElo "2085"]

1.d4 Nf6 2.Nf3 g6 3.c4 Bg7 4.Nc3 O-O 5.e4 d6 6.Be2 e5 7.O-O Nc6 8.d5 Ne7
9.Nd2 a5 10.a3 Nd7 11.Rb1 f5 12.b4 Kh8 13.f3 Ng8 14.Qc2 f4 15.Na4 axb4 16.axb4 Rf7
17.c5 Bf8 18.Nc4 Rg7 19.Bb2 g5 20.b5 Rxa4 21.Qxa4 Nxc5 22.Qc2 g4 23.fxg4 Nf6
24.Nxe5 dxe5 25.Bxe5 Ncxe4 26.Rxf4 Bc5+ 27.Kh1 Nf2+ 28.Rxf2 Bxf2 29.Rf1 Bh4
30.Qc3 Qxd5 31.Bxf6 Bxf6 32.Rxf6 Be6 33.Bc4 Qd1+ 34.Rf1 Qd6 35.Bxe6  1-0

[Event "Salta Clarin op"]
[Site "Salta"]
[Date "1995.??.??"]
[Round "3"]
[White "Quiroga, Facundo"]
[Black "Giaccio, Alfredo"]
[Result "1/2-1/2"]
[WhiteElo "2430"]
[BlackElo "2410"]

1.d4 Nf6 2.c4 g6 3.Nc3 Bg7 4.e4 d6 5.Nf3 O-O 6.Be2 e5 7.O-O Nc6 8.d5 Ne7
9.Ne1 Nd7 10.Nd3 f5 11.Bd2 Kh8 12.Rc1  1/2-1/2

[Event "San Luis Clarin GP"]
[Site "San Luis"]
[Date "1995.??.??"]
[Round "6"]
[White "Quiroga, Facundo"]
[Black "Pereyra Arcija, Diego"]
[Result "0-1"]
[WhiteElo "2440"]
[BlackElo "2290"]

1.d4 Nf6 2.c4 g6 3.Nc3 Bg7 4.e4 d6 5.Nf3 O-O 6.Be2 e5 7.O-O Nc6 8.d5 Ne7
9.Ne1 Nd7 10.Nd3 f5 11.f3 f4 12.Bd2 g5 13.Rc1 Ng6 14.c5 Nf6 15.Nb5 Rf7 16.Ba5 b6
17.cxb6 axb6 18.Be1 g4 19.Nb4 g3 20.Nc6 gxh2+ 21.Kh1 Qf8 22.Nca7 Bb7 23.Qb3 Nh5
24.Rxc7 Bf6 25.Rxf7 Kxf7 26.Qc4 Qe7 27.Nc6 Qd7 28.Qb4 Be7 29.Nxe7 Kxe7 30.Bd1 Ng3+
31.Bxg3 fxg3 32.Ba4 Nf4 33.b3 Ba6 34.Rd1 Bxb5 35.Bxb5 Qc7 36.Qe1 Qc2 37.Rd2 Qc5
38.a4 Rc8 39.b4 Qc3 40.Rd1 Qxe1+ 41.Rxe1 Rc2  0-1

[Event "San Martin"]
[Site "San Martin"]
[Date "1995.??.??"]
[Round "4"]
[White "Sorokin, Maxim"]
[Black "Valerga, Diego"]
[Result "0-1"]
[WhiteElo "2535"]
[BlackElo "2465"]

1.c4 g6 2.Nc3 Bg7 3.d4 Nf6 4.e4 d6 5.Be2 O-O 6.Nf3 e5 7.O-O Nc6 8.d5 Ne7
9.Nd2 c5 10.dxc6 bxc6 11.b4 d5 12.Ba3 a5 13.b5 cxb5 14.cxb5 Re8 15.exd5 e4
16.Ndxe4 Nxe4 17.Nxe4 Nxd5 18.Bf3 Bxa1 19.Qxa1 Bg4 20.Qd4 Bxf3 21.gxf3 Rxe4
22.Qxe4 Rb8 23.Qe5 Rxb5 24.Bb2 f6 25.Qe6+ Kg7 26.Rd1 Nf4 27.Rd7+ Kh6 28.Qf7 Qh8
29.Rd2 Rg5+ 30.Kf1 Qc8 31.Rd4 Qh3+ 32.Ke1 Qxf3 33.Rxf4 Rg1+  0-1